Les Comarques de Catalunya : notes geohistòriques / Marc-Aureli Vila notes geohistòriques / Marc-Aureli Vila
Descripción Física:
141 p., [1] map. pleg. ; 22 cm
Colección:
Col·lecció Població i Territori ; 3
Materias:
Comarques -- Catalunya
MARC
| LEADER | 00000nam a2200000Ia 4500 | ||
|---|---|---|---|
| 001 | 1061 | ||
| 008 | 160829s1983 xx 000 0 cat d | ||
| 080 | |a H-2-1 | ||
| 100 | |a Vila, Marc-Aureli |9 25625 | ||
| 245 | |a Les Comarques de Catalunya : |b notes geohistòriques / Marc-Aureli Vila | ||
| 260 | |a Barcelona : |b Servei Central de Publicacions de la Generalitat de Catalunya, |c 1983 | ||
| 300 | |a 141 p., [1] map. pleg. ; |c 22 cm | ||
| 490 | |a Col·lecció Població i Territori ; 3 | ||
| 590 | |a Abans del títol: Generalitat de Catalunya. Departament de la Presidència. | ||
| 650 | |a Comarques |x Catalunya |9 29217 | ||
| 710 | |a Catalunya. |b Departament de la Presidència |9 10777 | ||
| 901 | |a Arxiu | ||
| 942 | |n 1 | ||
| 952 | |0 0 |1 0 |4 0 |6 H21 |7 1 |9 48879 |a Arxiu |b Arxiu |d 2016-12-01 |l 0 |o H-2-1 |p 1061 |r 2016-12-01 00:00:00 |w 2016-12-01 |y ARXIU | ||
| 999 | |c 52714 |d 52714 | ||